[Event "Belgrade Trophy 36th"]
[White "Smolovic, Mile"]
[Black "Pap, Misa"]
[Site "Belgrade"]
[Round "4"]
[Result "0-1"]
[Date "2023.11.28"]
[WhiteElo "2082"]
[BlackElo "2426"]
[PlyCount "86"]
[EventDate "2023.11.25"]
[EventType "swiss"]
[EventRounds "9"]
[EventCountry "SRB"]
[SourceTitle "CBM 217 Extra"]
[Source "ChessBase"]
[SourceDate "2024.01.31"]
[SourceVersion "1"]
[SourceVersionDate "2024.01.31"]
[SourceQuality "1"]

1. e4 c5 2. Nc3 Nc6 3. Nge2 g6 4. d4 cxd4 5. Nxd4 Bg7 6. Nde2 Nf6 7. g3 b5 8. Bg2 b4 9. Nd5 e6 10. Ndf4 Rb8 11. h3 d6 12. Be3 0-0 13. 0-0 Qc7 14. g4 a5 15. Rc1 Nd7 16. b3 Ba6 17. Re1 Nc5 18. Nd3 Ne5 19. f4 Nexd3 20. cxd3 Qd7 21. Bxc5 dxc5 22. e5 Rfd8 23. Be4 Rbc8 24. Rc2 c4 25. bxc4 Bxc4 26. Nc1 Bb5 27. Kg2 Bf8 28. Rf2 Bc5 29. Rf3 Bd4 30. Rh1 Qc7 31. h4 Qc2+ 32. Kg3 Qxd1 33. Rxd1 Rc2 34. g5 a4 35. h5 Rdc8 36. hxg6 hxg6 37. Rff1 Bb2 38. d4 Rxc1 39. Rh1 Rxd1 40. Rxd1 Bc4 41. d5 exd5 42. Bxd5 b3 43. axb3 Bxb3 0-1

[Event "Belgrade Gligoric 100 Ann op"]
[White "Smolovic, Mile"]
[Black "Rajkovic, Mladen"]
[Site "Belgrade"]
[Round "7"]
[Result "0-1"]
[Date "2023.02.05"]
[WhiteElo "2114"]
[BlackElo "2374"]
[PlyCount "60"]
[EventDate "2023.02.05"]
[EventType "swiss (blitz)"]
[EventRounds "11"]
[EventCountry "SRB"]
[SourceTitle "EXT 2024"]
[Source "ChessBase"]
[SourceDate "2023.10.10"]
[SourceVersion "1"]
[SourceVersionDate "2023.10.10"]
[SourceQuality "1"]

1. e4 e5 2. Nc3 Nf6 3. Bc4 Bc5 4. d3 d6 5. Bg5 h6 6. Bh4 c6 7. Nf3 g5 8. Bg3 Bg4 9. h4 Nh5 10. hxg5 hxg5 11. Qd2 Rg8 12. 0-0-0 b5 13. Bb3 a5 14. a4 b4 15. Ne2 Nd7 16. d4 exd4 17. Nfxd4 Nxg3 18. Nxg3 Bxd1 19. Qxd1 Qf6 20. Ngf5 Bxd4 21. Nxd4 Nc5 22. Nxc6 Nxb3+ 23. cxb3 Rc8 24. Qc2 Kd7 25. e5 Qg6 26. Qxg6 Rxg6 27. Rh7 Rxc6+ 28. Kb1 dxe5 29. Rxf7+ Ke6 30. Rf3 Rf6 0-1

[Event "Belgrade Trophy 35th"]
[White "Vasic, Dusan"]
[Black "Smolovic, Mile"]
[Site "Belgrade"]
[Round "2"]
[Result "1/2-1/2"]
[Date "2021.11.25"]
[WhiteElo "1671"]
[BlackElo "2140"]
[PlyCount "88"]
[EventDate "2021.11.24"]
[EventType "swiss"]
[EventRounds "9"]
[EventCountry "SRB"]
[SourceTitle "CBM 205 Extra"]
[Source "ChessBase"]
[SourceDate "2022.01.31"]
[SourceVersion "1"]
[SourceVersionDate "2022.01.31"]
[SourceQuality "1"]

1. c4 g6 2. Nc3 Bg7 3. d4 Nf6 4. Nf3 d6 5. e4 0-0 6. Be2 e5 7. d5 a5 8. 0-0 Na6 9. h3 Bd7 10. Be3 Ne8 11. Bg5 f6 12. Be3 f5 13. exf5 gxf5 14. Bg5 Nf6 15. Nh2 Qe8 16. Bxf6 Bxf6 17. Bh5 Qe7 18. g4 Nc5 19. f3 Bg7 20. Qe2 Qh4 21. Kg2 Kh8 22. Rad1 a4 23. Qf2 Qe7 24. Qe2 Rg8 25. Rh1 e4 26. fxe4 fxe4 27. Qe3 Be5 28. Rhf1 Raf8 29. Rxf8 Rxf8 30. Rf1 Nd3 31. Rxf8+ Qxf8 32. Nxe4 Nxb2 33. Nf3 Nxc4 34. Qc1 b5 35. Neg5 Bb2 36. Qb1 Qg7 37. Ne6 Bxe6 38. dxe6 Qf6 39. Qe4 d5 40. Qe2 Ba3 41. g5 Qg7 42. h4 Qb2 43. Qxb2+ Nxb2 44. Be8 Nd3 1/2-1/2

[Event "Belgrade Trophy 34th"]
[White "Lundin, Jan"]
[Black "Smolovic, Mile"]
[Site "Belgrade"]
[Round "9"]
[Result "1-0"]
[Date "2020.12.02"]
[WhiteElo "2326"]
[BlackElo "2210"]
[PlyCount "57"]
[EventDate "2020.11.24"]
[EventType "swiss"]
[EventRounds "9"]
[EventCountry "SRB"]
[SourceTitle "CBM 199 Extra"]
[Source "ChessBase"]
[SourceDate "2021.01.31"]
[SourceVersion "1"]
[SourceVersionDate "2021.01.31"]
[SourceQuality "1"]

1. e4 c5 2. Nc3 Nc6 3. f4 e6 4. Nf3 Nge7 5. Bb5 Nd4 6. Nxd4 cxd4 7. Ne2 a6 8. Bd3 Nc6 9. a3 Bc5 10. 0-0 0-0 11. b4 Ba7 12. Bb2 b5 13. Kh1 d5 14. Ng3 g6 15. Qf3 Bb7 16. Rae1 Ne7 17. e5 f5 18. exf6 Rxf6 19. Qg4 Bc8 20. Qg5 Rf8 21. Qh6 Rf7 22. Ne2 Nc6 23. f5 gxf5 24. Bxf5 Qd6 25. Bxh7+ Rxh7 26. Qg6+ Kh8 27. Qe8+ Kg7 28. Rf7+ Kh6 29. Rf6+ 1-0

[Event "Belgrade Trophy 34th"]
[White "Stankovic, Boris"]
[Black "Smolovic, Mile"]
[Site "Belgrade"]
[Round "5"]
[Result "1/2-1/2"]
[Date "2020.11.28"]
[WhiteElo "2088"]
[BlackElo "2210"]
[PlyCount "61"]
[EventDate "2020.11.24"]
[EventType "swiss"]
[EventRounds "9"]
[EventCountry "SRB"]
[SourceTitle "CBM 199 Extra"]
[Source "ChessBase"]
[SourceDate "2021.01.31"]
[SourceVersion "1"]
[SourceVersionDate "2021.01.31"]
[SourceQuality "1"]

1. e4 Nf6 2. e5 Nd5 3. d4 d6 4. Nf3 dxe5 5. Nxe5 g6 6. Bc4 c6 7. Qf3 Be6 8. 0-0 Bg7 9. c3 0-0 10. Nd2 Nd7 11. Nd3 Nc7 12. Re1 Bd5 13. Qe2 Re8 14. f4 e6 15. a4 Qe7 16. b3 Nb6 17. Ba3 Qf6 18. Bd6 Qd8 19. Ba3 Bxc4 20. Nxc4 Ncd5 21. Bb2 Qc7 22. g3 Nd7 23. Nce5 b6 24. c4 N5f6 25. Rad1 a5 26. Nf2 Rad8 27. Qf3 Rc8 28. Ne4 Nxe4 29. Qxe4 Nf6 30. Qf3 Red8 31. Rd3 1/2-1/2

[Event "Belgrade Trophy 34th"]
[White "Smolovic, Mile"]
[Black "Zubic, Aleksandar"]
[Site "Belgrade"]
[Round "2"]
[Result "1/2-1/2"]
[Date "2020.11.25"]
[WhiteElo "2210"]
[BlackElo "1905"]
[PlyCount "35"]
[EventDate "2020.11.24"]
[EventType "swiss"]
[EventRounds "9"]
[EventCountry "SRB"]
[SourceTitle "CBM 199 Extra"]
[Source "ChessBase"]
[SourceDate "2021.01.31"]
[SourceVersion "1"]
[SourceVersionDate "2021.01.31"]
[SourceQuality "1"]

1. e4 c5 2. Nc3 Nc6 3. Bb5 e6 4. Bxc6 bxc6 5. d3 d5 6. f4 Nf6 7. e5 Nd7 8. b3 Ba6 9. Nge2 Be7 10. 0-0 0-0 11. Ba3 Nb6 12. Qe1 c4 13. Bxe7 Qxe7 14. dxc4 dxc4 15. Ne4 Nd5 16. Qf2 c3 17. g3 Qb4 18. Qf3 1/2-1/2

[Event "Belgrade Trophy 34th"]
[White "Spanton, Timothy"]
[Black "Smolovic, Mile"]
[Site "Belgrade"]
[Round "1"]
[Result "1/2-1/2"]
[Date "2020.11.24"]
[WhiteElo "1831"]
[BlackElo "2210"]
[PlyCount "80"]
[EventDate "2020.11.24"]
[EventType "swiss"]
[EventRounds "9"]
[EventCountry "SRB"]
[SourceTitle "CBM 199 Extra"]
[Source "ChessBase"]
[SourceDate "2021.01.31"]
[SourceVersion "1"]
[SourceVersionDate "2021.01.31"]
[SourceQuality "1"]

1. e4 c5 2. Nf3 d6 3. Bb5+ Nd7 4. d4 Ngf6 5. Nc3 a6 6. Bxd7+ Nxd7 7. Be3 cxd4 8. Qxd4 e6 9. 0-0 Qc7 10. Rfe1 Ne5 11. Nxe5 dxe5 12. Qb6 Qxb6 13. Bxb6 Bd7 14. Rad1 Be7 15. Rd3 Bd8 16. Bxd8 Rxd8 17. Red1 Ke7 18. f3 Bc6 19. Rxd8 Rxd8 20. Rxd8 Kxd8 21. Kf2 f5 22. Ke3 b5 23. a3 Ke7 24. Na2 Kd6 25. Nb4 Bb7 26. Nd3 Bc6 27. b4 Ba8 28. Nc5 a5 29. Nb3 axb4 30. axb4 Bb7 31. Nc5 Bc6 32. g3 g5 33. g4 fxg4 34. fxg4 Be8 35. Kd3 h5 36. h3 hxg4 37. hxg4 Ke7 38. c4 Kd6 39. Nb7+ Kc7 40. Nc5 Kd6 1/2-1/2

[Event "Belgrade-chT"]
[White "Smolovic, Mile"]
[Black "Martic, Ivan"]
[Site "Belgrade"]
[Round "4.2"]
[Result "0-1"]
[Date "2020.10.07"]
[WhiteElo "2227"]
[BlackElo "2357"]
[PlyCount "102"]
[EventDate "2020.10.04"]
[EventType "team-tourn"]
[EventRounds "9"]
[EventCountry "SRB"]
[SourceTitle "EXT 2022"]
[Source "ChessBase"]
[SourceDate "2021.10.06"]
[SourceVersion "1"]
[SourceVersionDate "2021.10.06"]
[SourceQuality "1"]
[WhiteTeam "MZ Cirilo i Metodije"]
[BlackTeam "Belgrade"]
[WhiteTeamCountry "SRB"]
[BlackTeamCountry "SRB"]

1. e4 Nf6 2. d3 d5 3. e5 Nfd7 4. d4 e6 5. c3 c5 6. f4 Nc6 7. Nf3 Qb6 8. Be2 f6 9. 0-0 Be7 10. Kh1 0-0 11. b3 a5 12. a4 Ndb8 13. Be3 Bd7 14. Na3 fxe5 15. fxe5 cxd4 16. cxd4 Na6 17. Nb5 Nab4 18. Qd2 Na7 19. Nc3 Rac8 20. Rac1 Rc6 21. Nb1 Rfc8 22. Rxc6 Qxc6 23. Rc1 Qxc1+ 24. Qxc1 Rxc1+ 25. Bxc1 Be8 26. Bb2 Bg6 27. Nbd2 Nac6 28. Kg1 Nc2 29. Kf2 Bb4 30. Nf1 Be4 31. Ne3 Nxe3 32. Kxe3 Bc2 33. Ng5 Bxb3 34. Nxe6 Bxa4 35. Nc5 Bxc5 36. dxc5 Kf7 37. Bg4 Ke7 38. Bc8 Nd8 39. Bc3 Bd7 40. Bxd7 Kxd7 41. Bxa5 Ne6 42. g4 Nxc5 43. h4 Ke6 44. Bc3 Nd7 45. Kf4 Nb8 46. Bb4 Nc6 47. Bf8 g6 48. Bg7 b5 49. h5 b4 50. hxg6 hxg6 51. Kg5 b3 0-1

[Event "Belgrade-chT Quality"]
[White "Tadic, Stefan"]
[Black "Smolovic, Mile"]
[Site "Belgrade"]
[Round "10.2"]
[Result "1-0"]
[Date "2018.09.27"]
[WhiteElo "2206"]
[BlackElo "2294"]
[PlyCount "79"]
[EventDate "2018.09.17"]
[EventType "team-tourn"]
[EventRounds "11"]
[EventCountry "SRB"]
[SourceTitle "CBM 186 Extra"]
[Source "ChessBase"]
[SourceDate "2018.08.24"]
[SourceVersion "1"]
[SourceVersionDate "2018.08.24"]
[SourceQuality "1"]
[WhiteTeam "Tadic"]
[BlackTeam "MZ Cirilo i Metodije"]
[WhiteTeamCountry "SRB"]
[BlackTeamCountry "SRB"]

1. e4 c5 2. Nc3 a6 3. Nf3 e6 4. d4 cxd4 5. Nxd4 Nc6 6. Bf4 Bb4 7. Nxc6 bxc6 8. Qd4 Bxc3+ 9. Qxc3 f6 10. Bd6 Ne7 11. Qc5 Kf7 12. f4 a5 13. f5 Ba6 14. 0-0-0 Bxf1 15. fxe6+ dxe6 16. Rhxf1 Ra6 17. Rf3 Nc8 18. Qc4 Ra7 19. Qxc6 Nxd6 20. Rxd6 Qe8 21. Qb6 Qb8 22. Rxe6 Qxb6 23. Rxb6 Re8 24. Re3 Rae7 25. Ra6 Rxe4 26. Rxe4 Rxe4 27. Kd2 Rg4 28. g3 a4 29. b3 axb3 30. cxb3 Ke7 31. Ra4 Rg5 32. Rd4 Rh5 33. Rh4 Rxh4 34. gxh4 h5 35. a4 Kd6 36. b4 f5 37. Kd3 g6 38. Kd4 Kc6 39. b5+ Kb7 40. Kc5 1-0

[Event "Belgrade-chT Quality"]
[White "Djuric, Stefan"]
[Black "Smolovic, Mile"]
[Site "Belgrade"]
[Round "6.2"]
[Result "1-0"]
[Date "2018.09.22"]
[WhiteElo "2352"]
[BlackElo "2294"]
[PlyCount "69"]
[EventDate "2018.09.17"]
[EventType "team-tourn"]
[EventRounds "11"]
[EventCountry "SRB"]
[SourceTitle "CBM 186 Extra"]
[Source "ChessBase"]
[SourceDate "2018.08.24"]
[SourceVersion "1"]
[SourceVersionDate "2018.08.24"]
[SourceQuality "1"]
[WhiteTeam "Crvena Zvezda"]
[BlackTeam "MZ Cirilo i Metodije"]
[WhiteTeamCountry "SRB"]
[BlackTeamCountry "SRB"]

1. e4 c5 2. Nf3 d6 3. Bb5+ Bd7 4. Bxd7+ Nxd7 5. 0-0 Ngf6 6. Qe2 e6 7. c3 Be7 8. d4 0-0 9. e5 Ne8 10. Rd1 cxd4 11. cxd4 Nb6 12. Nc3 Nc7 13. Ne4 Nbd5 14. Rd3 Qd7 15. exd6 Bxd6 16. Ne5 Qe7 17. Rh3 g6 18. Bh6 Rfd8 19. Rf3 f6 20. Nc4 Ne8 21. h4 Rac8 22. h5 Bb8 23. hxg6 hxg6 24. Re1 Qc7 25. Rh3 Qxc4 26. Qg4 Ne7 27. Be3 Qd5 28. Qh4 Kf7 29. Bg5 Nf5 30. Qh7+ Nfg7 31. Rf3 f5 32. Bh6 Qxd4 33. Ng5+ Kf6 34. Rxe6+ Nxe6 35. Qf7+ 1-0

[Event "Belgrade-chT Quality"]
[White "Smolovic, Mile"]
[Black "Klasan, Vladimir"]
[Site "Belgrade"]
[Round "4.3"]
[Result "1/2-1/2"]
[Date "2018.09.20"]
[WhiteElo "2294"]
[BlackElo "2368"]
[PlyCount "27"]
[EventDate "2018.09.17"]
[EventType "team-tourn"]
[EventRounds "11"]
[EventCountry "SRB"]
[SourceTitle "CBM 186 Extra"]
[Source "ChessBase"]
[SourceDate "2018.08.24"]
[SourceVersion "1"]
[SourceVersionDate "2018.08.24"]
[SourceQuality "1"]
[WhiteTeam "MZ Cirilo i Metodije"]
[BlackTeam "Rudovci Radnicki"]
[WhiteTeamCountry "SRB"]
[BlackTeamCountry "SRB"]

1. e4 d5 2. exd5 Qxd5 3. Nc3 Qd6 4. d4 Nf6 5. Nf3 c6 6. Ne5 Nbd7 7. Bf4 Nd5 8. Nxd5 Qxd5 9. Nf3 Nb6 10. Be2 Bf5 11. c3 Qe4 12. Bg3 Qc2 13. Qxc2 Bxc2 14. 0-0 1/2-1/2

[Event "Belgrade-chT Quality"]
[White "Brkic, Zoran"]
[Black "Smolovic, Mile"]
[Site "Belgrade"]
[Round "2.3"]
[Result "0-1"]
[Date "2018.09.18"]
[WhiteElo "2130"]
[BlackElo "2294"]
[PlyCount "54"]
[EventDate "2018.09.17"]
[EventType "team-tourn"]
[EventRounds "11"]
[EventCountry "SRB"]
[SourceTitle "CBM 186 Extra"]
[Source "ChessBase"]
[SourceDate "2018.08.24"]
[SourceVersion "1"]
[SourceVersionDate "2018.08.24"]
[SourceQuality "1"]
[WhiteTeam "Bogoslov"]
[BlackTeam "MZ Cirilo i Metodije"]
[WhiteTeamCountry "SRB"]
[BlackTeamCountry "SRB"]

1. g3 g6 2. Bg2 Bg7 3. e4 c5 4. f4 Nc6 5. Nf3 e6 6. d3 Nge7 7. c3 0-0 8. Be3 b6 9. 0-0 Ba6 10. Bf2 Rc8 11. a4 d6 12. Na3 e5 13. Nc4 exf4 14. gxf4 d5 15. exd5 Nxd5 16. Qd2 Bh6 17. Bg3 f6 18. Rae1 Qd7 19. Re2 Rfe8 20. Rfe1 Rxe2 21. Rxe2 Rd8 22. Ne1 Kf8 23. Re4 Nde7 24. Qe2 Kf7 25. Nf3 Bg7 26. Re3 Nf5 27. Bh3 Nxg3 0-1

[Event "Belgrade-ch sf"]
[White "Smolovic, Mile"]
[Black "Todorovic, Goran M"]
[Site "Belgrade"]
[Round "5"]
[Result "0-1"]
[Date "2017.01.27"]
[WhiteElo "2304"]
[BlackElo "2458"]
[PlyCount "60"]
[EventDate "2017.01.23"]
[EventType "swiss"]
[EventRounds "7"]
[EventCountry "SRB"]
[SourceTitle "CBM 176 Extra"]
[Source "ChessBase"]
[SourceDate "2017.03.02"]
[SourceVersion "1"]
[SourceVersionDate "2017.03.02"]
[SourceQuality "1"]

1. d4 d5 2. Bf4 c5 3. e3 cxd4 4. exd4 Nc6 5. c3 Bf5 6. Qb3 Qd7 7. Nf3 e6 8. Bb5 Bd6 9. Ne5 Qc7 10. Bg3 Nge7 11. Nf3 0-0 12. Bxd6 Qxd6 13. Nbd2 Ng6 14. 0-0 Rfc8 15. a4 Na5 16. Qa3 Qxa3 17. Rxa3 a6 18. Be2 Nf4 19. Re1 Rc7 20. b4 Nc6 21. a5 Na7 22. Bf1 Bd3 23. Bxd3 Nxd3 24. Re3 Nb5 25. Rb3 Nc1 26. Rb2 Nxc3 27. Nb3 Nd1 28. Rb1 Nxe3 29. Nxc1 Nc2 30. Nd3 Rc4 0-1

[Event "SRB-chT2 West CS"]
[White "Smolovic, Mile"]
[Black "Naskovic, Filip"]
[Site "Serbia"]
[Round "7.1"]
[Result "1-0"]
[Date "2016.10.07"]
[WhiteElo "2286"]
[BlackElo "2223"]
[PlyCount "75"]
[EventDate "2016.09.04"]
[EventType "team-tourn"]
[EventRounds "11"]
[EventCountry "SRB"]
[SourceTitle "EXT 2018"]
[Source "ChessBase"]
[SourceDate "2017.10.13"]
[SourceVersion "1"]
[SourceVersionDate "2017.10.13"]
[SourceQuality "1"]

1. e4 c5 2. Nc3 Nc6 3. Bb5 g6 4. Bxc6 bxc6 5. d3 Bg7 6. f4 d6 7. Nf3 Nf6 8. 0-0 0-0 9. Qe1 Ne8 10. b3 Nc7 11. Bb2 Nb5 12. Nd1 Nd4 13. Qf2 Qb6 14. Kh1 Bg4 15. Nh4 Bxd1 16. Raxd1 f5 17. exf5 gxf5 18. Qg3 Rf7 19. Rde1 Kh8 20. Bxd4 cxd4 21. Qh3 Bf8 22. Re2 Qc5 23. Nf3 Rf6 24. Ng5 h6 25. Ne6 Qc3 26. g4 Qa5 27. gxf5 Qxf5 28. Qxf5 Rxf5 29. Nxd4 Rc5 30. c4 Kg8 31. b4 Rh5 32. Nxc6 Kf7 33. Kg2 a6 34. Kg3 Rf5 35. Rfe1 Re8 36. d4 d5 37. c5 e6 38. Rxe6 1-0

[Event "Belgrade Jezero op"]
[White "Matovic, Petar"]
[Black "Smolovic, Mile"]
[Site "Belgrade"]
[Round "5"]
[Result "1/2-1/2"]
[Date "2016.08.11"]
[WhiteElo "2159"]
[BlackElo "2291"]
[PlyCount "35"]
[EventDate "2016.08.07"]
[EventType "swiss"]
[EventRounds "9"]
[EventCountry "SRB"]
[SourceTitle "EXT 2017"]
[Source "ChessBase"]
[SourceDate "2016.10.25"]
[SourceVersion "1"]
[SourceVersionDate "2016.10.25"]
[SourceQuality "1"]

1. d4 d6 2. Nf3 g6 3. c4 Bg7 4. Nc3 Nf6 5. e4 0-0 6. Bd3 Bg4 7. Be3 Nc6 8. h3 Bxf3 9. Qxf3 Nd7 10. d5 Nd4 11. Qd1 c5 12. 0-0 e5 13. dxe6 fxe6 14. f4 Qe7 15. Qd2 Rae8 16. Rf2 Nb8 17. Raf1 Nbc6 18. Qd1 1/2-1/2

[Event "SRB-chT Cup"]
[White "Smolovic, Mile"]
[Black "Nestorovic, Lazar"]
[Site "Kragujevac"]
[Round "6.1"]
[Result "1/2-1/2"]
[Date "2016.04.23"]
[WhiteElo "2283"]
[BlackElo "2355"]
[PlyCount "94"]
[EventDate "2016.04.20"]
[EventType "team-swiss"]
[EventRounds "7"]
[EventCountry "SRB"]
[SourceTitle "CBM 172 Extra"]
[Source "ChessBase"]
[SourceDate "2016.06.21"]
[SourceVersion "1"]
[SourceVersionDate "2016.06.21"]
[SourceQuality "1"]
[WhiteTeam "Cacak Borac"]
[BlackTeam "Vladimirci"]
[WhiteTeamCountry "SRB"]
[BlackTeamCountry "SRB"]

1. e4 c5 2. Nc3 a6 3. g3 b5 4. Bg2 Bb7 5. Nge2 e6 6. d4 cxd4 7. Nxd4 Qc7 8. 0-0 b4 9. Na4 Nf6 10. Re1 d6 11. a3 e5 12. Nf5 g6 13. Nh6 a5 14. Bg5 Nfd7 15. Qf3 Bxh6 16. Bxh6 Nc6 17. c3 Rg8 18. Be3 f5 19. Qd1 Ne7 20. Bg5 fxe4 21. Bxe4 Bxe4 22. Rxe4 Qc6 23. Rh4 Nf5 24. Rxh7 Nf8 25. Rh3 Ne6 26. Bd2 e4 27. g4 Ne7 28. c4 Nd4 29. Be3 Nf3+ 30. Kg2 Qd7 31. Rg3 Rh8 32. h3 Qc6 33. Nb6 Rb8 34. Nd5 Qxc4 35. Qa4+ Kf7 36. Nxe7 Kxe7 37. Rc1 Qb5 38. Qc2 Qb7 39. axb4 Rbc8 40. Qd1 Qxb4 41. Qd5 Rxc1 42. Bxc1 Qe1 43. Bg5+ Kd7 44. Qf7+ Kc8 45. Qc4+ Kd7 46. Qf7+ Kc8 47. Qc4+ Kd7 1/2-1/2